One man's mission : 20,000 ships /

Bibliographic Details
Main Author: Sivewright, Sandy
Format: Book
Language:English
Published: London ; New York : Lloyd's of London Press, 1989.
Subjects:

MARC

Tag First Indicator Second Indicator Subfields
LEADER 00000cam a22000008a 4500
001 in00000869739
005 20151019135657.0
008 890419s1989 enka 00110 eng d
010 |a gb 89038576  
015 |a GB89-38576 
020 |a 1850442428 :  |c No price 
035 |a (OCoLC)19778413 
035 |9 AEK2861AM 
040 |a UKM  |c UKM  |d TXA  |d UtOrBLW 
049 |a TXAM  |c [A12970983] 
050 1 4 |a VM15 
050 4 |a VM15  |b .S58 1989 
082 0 4 |a 623.8/2  |2 19 
100 1 |a Sivewright, Sandy. 
245 1 0 |a One man's mission :  |b 20,000 ships /  |c by Sandy Sivewright. 
263 |a 8906 
264 1 |a London ;  |a New York :  |b Lloyd's of London Press,  |c 1989. 
300 |a xiv, 257 pages :  |b illustrations 
336 |a text  |b txt  |2 rdacontent 
337 |a unmediated  |b n  |2 rdamedia 
338 |a volume  |b nc  |2 rdacarrier 
650 0 |a Naval architecture  |x History. 
650 0 |a Shipbuilding  |x History. 
999 |a MARS 
999 f f |s 618f08e6-3ec5-3494-a848-abc101b98240  |i 09a3d0b5-2ed1-3306-bf8a-f097f432f378  |t 0 
952 f f |p ric  |a Texas A&M University  |b Rellis Campus  |c Joint Library Facility  |d Remote Storage  |t 0  |e VM15 .S58 1989  |h Library of Congress classification  |i unmediated -- volume  |m A14812970983 
998 f f |a VM15 .S58 1989  |t 0  |l Remote Storage